00788nam a2200229 a 450000100060000000300080000600500170001400800410003103500190007204000370009104100080012808200260013610000320016224500630019426000370025730000210029450400380031565000330035394200120038699900170039895201430041561001BD-RjUL20211209080918.0170105s1954 nyu b 001 0 eng d a(BD-RjUL)61125 aDLCcOClUdUkdDLCdBD-RjULbeng aeng a371.425223bSAB 19541 aSanderson, Herbert.918192410aBasic concepts in vocational guidance /cHerbert Sanderson aNew York :bMcGraw-Hill,cc1954. a338 p. ;c24 cm. aIncludes bibliography and index.  0aVocational guidance.9181925 2ddccBK c61001d61001 00102ddc40718NFICaRUCLbRUCLcReadingd1955-12-08ePub. United.g26.20l0o371.425 SAB 1954r2017-01-05 00:00:00tC-1w2017-01-05yBK